Normal view
MARC view
Entry Personal Name
001 - CONTROL NUMBER
- control field: 1239144
003 - CONTROL NUMBER IDENTIFIER
- control field: OSt
005 - DATE AND TIME OF LATEST TRANSACTION
- control field: 20260512145354.0
008 - FIXED-LENGTH DATA ELEMENTS
- fixed length control field: 260512|| aca||aabn | a|a d
040 ## - CATALOGING SOURCE
- Original cataloging agency: OSt
- Transcribing agency: OSt
100 ## - HEADING--PERSONAL NAME
- Personal name: नाग, निशा एड
670 ## - SOURCE DATA FOUND
- Source citation: Work cat.: (OSt)1678851: नाग, निशा एड., समकालीनो की दृष्टि में अनामिका , २०२३.
